Statistics for Los colores

Click here to take the quiz!

General Stats

  • This quiz has been taken 63 times
  • The average score is 12 of 20

Answer Stats

EnglishSpanish% Correct
blueazul
100%
black (f.)negra
100%
black (m.)negro
100%
greenverde
95%
red (m.)rojo
86%
grey/graygris
81%
red (f.)roja
81%
yellow (m.)amarillo
76%
pink (inv.)rosa
76%
yellow (f.)amarilla
71%
brownmarrón
71%
purple (m.)morado
52%
orange (m.)anaranjado
48%
purple (f.)morada
48%
pink (f.)rosada
48%
pink (m.)rosado
48%
orange (f.)anaranjada
43%
orange (inv.)de color naranja
5%
purple (f.)purpúrea
5%
purple (m.)purpúreo
5%

Score Distribution

Percentile by Number Answered

Percent of People with Each Score

Your Score History

You have not taken this quiz